|
|
|
|
| LEADER |
01643nam a2200433 a 4500 |
| 001 |
EBC797973 |
| 003 |
MiAaPQ |
| 005 |
20200520144314.0 |
| 006 |
m o d | |
| 007 |
cr cn||||||||| |
| 008 |
110413s2011 gw sb 001 0 ger d |
| 010 |
|
|
|z 2011014532
|
| 020 |
|
|
|z 9783110240870 (hardcover : alk. paper)
|
| 020 |
|
|
|z 9783110240887 (e-book)
|
| 035 |
|
|
|a (MiAaPQ)EBC797973
|
| 035 |
|
|
|a (Au-PeEL)EBL797973
|
| 035 |
|
|
|a (CaPaEBR)ebr10486407
|
| 035 |
|
|
|a (CaONFJC)MIL316591
|
| 035 |
|
|
|a (OCoLC)753969755
|
| 040 |
|
|
|a MiAaPQ
|c MiAaPQ
|d MiAaPQ
|
| 041 |
0 |
|
|a ger
|a eng
|
| 043 |
|
|
|a e------
|a aw-----
|a ff-----
|
| 050 |
|
4 |
|a BL805
|b .S63 2011
|
| 082 |
0 |
4 |
|a 292.1/723
|2 22
|
| 245 |
0 |
0 |
|a Spatantiker Staat und religioser Konflikt
|h [electronic resource] :
|b imperiale und lokale Verwaltung und die Gewalt gegen Heiligtumer /
|c Herausgegeben von Johannes Hahn.
|
| 260 |
|
|
|a Berlin ;
|a New York :
|b De Gruyter,
|c c2011.
|
| 300 |
|
|
|a 227 p.
|
| 490 |
1 |
|
|a Millennium-Studien,
|x 1862-1139 ;
|v Bd. 34 = Millennium studies
|
| 504 |
|
|
|a Includes bibliographical references and indexes.
|
| 533 |
|
|
|a Electronic reproduction. Ann Arbor, MI : ProQuest, 2015. Available via World Wide Web. Access may be limited to ProQuest affiliated libraries.
|
| 546 |
|
|
|a German and English.
|
| 650 |
|
0 |
|a Religion and state
|z Rome.
|
| 650 |
|
0 |
|a Persecution
|z Rome.
|
| 651 |
|
0 |
|a Rome
|x Religion.
|
| 655 |
|
4 |
|a Electronic books.
|
| 700 |
1 |
|
|a Hahn, Johannes,
|d 1957-
|
| 710 |
2 |
|
|a ProQuest (Firm)
|
| 830 |
|
0 |
|a Millennium-Studien ;
|v Bd. 34.
|
| 856 |
4 |
0 |
|u https://ebookcentral.proquest.com/lib/matrademy/detail.action?docID=797973
|z Click to View
|